| 000 | 00480nam a2200181Ia 4500 | ||
|---|---|---|---|
| 008 | 230711s9999||||xx |||||||||||||| ||und|| | ||
| 020 | _a978-93-80655-02-4 | ||
| 041 | _aENG | ||
| 082 |
_a664 _bCR-L |
||
| 100 | _aCruess, W.V | ||
| 245 | 0 | _aLaboratory Manual of Fruit and Vegetables Products | |
| 250 | _a1st Reserved Ed. | ||
| 260 |
_c2013 _aNew Delhi _bAxis Books(India) |
||
| 300 | _a105p. | ||
| 650 | _aFood Science and Technology | ||
| 700 | _aChristie, A.W | ||
| 942 | _cBK | ||
| 999 |
_c7495 _d7495 |
||